000 00912cam a2200325 c 4500
001 2120
003 DO-SdBNP
005 20161028130801.0
007 2120
008 101227s2012 sp a | |||| 000 0 spa
015 _a
017 _a
_b
020 _a9702212170
035 _a
040 _aBPMSU
_bspa
_cBPMSU
_e
041 1 _aspa
_a
080 _a
082 _aR 463.41
_bL332d
245 0 0 _aDiccionario pocket :
_h
_bespañol-francés, français-espagnol /
_c
250 _a4ª ed.
260 _aMadrid :
_b Larouse
_c2012
300 _aXVI, 366 p.
_bil.
_c20 cm
500 _aLa biblioteca posee la décima séptima reimpresión de la cuarta edición
650 4 _aESPAÑOL
_vDICCIONARIOS
_xFRANCÉS
650 4 _aFRANCÉS
_vDICCIONARIOS
_xESPAÑOL
700 _a
910 _aValidado. Control de calidad MFF
942 _2ddc
_cBK
956 _aVMATEO
_b10
_c20160509
_dBPMSU
_f0069
999 _c10337
_d10337